The Buddha in the attic / (Record no. 3566)

MARC details
000 -LEADER
fixed length control field 00934cam a2200241 4500
001 - CONTROL NUMBER
control field 4318
005 - DATE AND TIME OF LATEST TRANSACTION
control field 20181127173147.0
008 - FIXED-LENGTH DATA ELEMENTS--GENERAL INFORMATION
fixed length control field 110412s2011 nyu 000 f eng
010 ## - LIBRARY OF CONGRESS CONTROL NUMBER
LC control number 2011013568
020 ## - INTERNATIONAL STANDARD BOOK NUMBER
International Standard Book Number 0307700003
International Standard Book Number 9781905490875
043 ## - GEOGRAPHIC AREA CODE
Geographic area code n-us-ca
100 1# - MAIN ENTRY--PERSONAL NAME
Personal name Otsuka, Julie,
Dates associated with a name 1962-
245 14 - TITLE STATEMENT
Title The Buddha in the attic /
Statement of responsibility, etc. Julie Otsuka.
250 ## - EDITION STATEMENT
Edition statement 1st ed.
260 ## - PUBLICATION, DISTRIBUTION, ETC.
Place of publication, distribution, etc. New Delhi :
Name of publisher, distributor, etc. Penguin Books,
Date of publication, distribution, etc. 2012.
300 ## - PHYSICAL DESCRIPTION
Extent 129 p. ;
Dimensions 20 cm.
500 ## - GENERAL NOTE
General note ""This is a Borzoi book.""
520 ## - SUMMARY, ETC.
Summary, etc. Presents the stories of six Japanese mail-order brides whose new lives in early twentieth-century San Francisco are marked by backbreaking migrant work, cultural struggles, children who reject their heritage, and the prospect of wartime internment.
650 #0 - SUBJECT ADDED ENTRY--TOPICAL TERM
Topical term or geographic name entry element Japanese
Geographic subdivision California
Form subdivision Fiction.
Topical term or geographic name entry element Mail order brides
Form subdivision Fiction.
651 #0 - SUBJECT ADDED ENTRY--GEOGRAPHIC NAME
Geographic name San Francisco (Calif.)
General subdivision History
Chronological subdivision 20th century
Form subdivision Fiction.
Holdings
Withdrawn status Lost status Source of classification or shelving scheme Damaged status Not for loan Collection code Home library Current library Shelving location Date acquired Serial Enumeration / chronology Inventory number Total Checkouts Total Renewals Full call number Barcode Checked out Date last seen Date last checked out Price effective from Koha item type
    Dewey Decimal Classification     Fiction RTC Library RTC Library Fiction 26/02/2021 7868 11 6 FIC 813.54 OTS 30006870 09/06/2026 06/11/2025 06/11/2025 27/11/2018 Fiction
Royal Thimphu College || All Right Reserved